[Event "RUS-chT Seniors"]
[Site "Sochi"]
[Date "2017.05.10"]
[Round "10.1"]
[White "Arkhipov, Sergey G"]
[Black "Akhmadeev, Valery Rimovich"]
[Result "1/2-1/2"]
[WhiteElo "2446"]
[BlackElo "2079"]
[PlyCount "78"]
[EventDate "2017.05.01"]
[EventType "team-tourn"]
[EventRounds "10"]
[EventCountry "RUS"]
[SourceTitle "CBM 178 Extra"]
[Source "ChessBase"]
[SourceDate "2017.06.22"]
[SourceVersion "1"]
[SourceVersionDate "2017.06.22"]
[SourceQuality "1"]

1. d4 d5 2. c4 c6 3. Nc3 Nf6 4. e3 e6 5. Nf3 Nbd7 6. Qc2 Bd6 7. Be2 0-0 8. 0-0 Qe7 9. e4 Nxe4 10. Nxe4 dxe4 11. Qxe4 e5 12. Bg5 Qe6 13. c5 Bc7 14. Bd3 Qg6 15. Qe3 exd4 16. Qxd4 Qh5 17. Be7 Ne5 18. Nxe5 Bxe5 19. Qh4 Qxh4 20. Bxh4 Bxb2 21. Rab1 Bd4 22. Be7 Re8 23. Bd6 b5 24. cxb6 Bxb6 25. Bc4 Be6 26. Rbc1 Rad8 27. Bg3 f6 28. h3 Kf7 29. Rc2 Rd4 30. Bxe6+ Rxe6 31. Rfc1 Ra4 32. Kf1 h5 33. f3 Ra3 34. Bf2 Bxf2 35. Kxf2 g5 36. Rb1 Ra6 37. Rb4 Re5 38. h4 Rea5 39. Rbc4 Rxa2 1/2-1/2

[Event "RUS-chT2"]
[Site "Novokuznetsk"]
[Date "2003.??.??"]
[Round "4"]
[White "Arkhipov, Sergey G"]
[Black "Shamne, Anton"]
[Result "1-0"]
[WhiteElo "2460"]
[BlackElo "2258"]
[PlyCount "115"]
[EventDate "2003.??.??"]
[EventType "team"]
[EventRounds "9"]
[EventCountry "RUS"]
[SourceTitle "EXT 2005"]
[Source "ChessBase"]
[SourceDate "2004.11.15"]
[SourceVersion "1"]
[SourceVersionDate "2004.11.15"]
[SourceQuality "1"]

1. Nf3 d5 2. c4 c6 3. d4 dxc4 4. e3 b5 5. a4 e6 6. axb5 cxb5 7. b3 Bb4+ 8. Bd2 Bxd2+ 9. Nfxd2 a5 10. bxc4 b4 11. Qf3 Ra7 12. Qg3 Nc6 13. Qxg7 Qf6 14. Qg3 Nge7 15. Ne4 Qg6 16. Bd3 Kf8 17. Nc5 Qh6 18. 0-0 Rg8 19. Qd6 Kg7 20. Nd2 Kh8 21. Ndb3 f5 22. Ra2 Qh3 23. f3 Qh6 24. Re1 Rd8 25. Qg3 Ng6 26. f4 Rg8 27. Qf2 Nh4 28. g3 Qh5 29. Be2 Qf7 30. Rea1 Qc7 31. Kh1 Ng6 32. Bf3 Nge7 33. d5 Nd8 34. e4 exd5 35. cxd5 fxe4 36. Qd4+ Rg7 37. d6 Ndc6 38. Qxg7+ Kxg7 39. dxc7 exf3 40. Nxa5 Rxc7 41. Nab3 Nd5 42. Kg1 Nc3 43. Rd2 Bg4 44. Kf2 Re7 45. Re1 Ra7 46. Rh1 Na5 47. Ra1 Nc6 48. Rxa7+ Nxa7 49. Nd4 Nab5 50. Nxf3 b3 51. Kg2 Bxf3+ 52. Kxf3 Nd4+ 53. Kg2 Ncb5 54. Rb2 Nd6 55. Nxb3 Nc4 56. Rb1 Na3 57. Ra1 Nac2 58. Ra7+ 1-0

[Event "RUS-chT 08th Group1"]
[Site "Tomsk"]
[Date "2001.05.13"]
[Round "1"]
[White "Telnov, Vladimir"]
[Black "Arkhipov, Sergey G"]
[Result "0-1"]
[WhiteElo "2401"]
[BlackElo "2531"]
[PlyCount "100"]
[EventDate "2001.05.13"]
[EventType "team-tourn"]
[EventRounds "5"]
[EventCountry "RUS"]
[SourceTitle "EXT 2020"]
[Source "ChessBase"]
[SourceDate "2019.10.17"]
[SourceVersion "1"]
[SourceVersionDate "2019.10.17"]
[SourceQuality "1"]
[WhiteTeam "Khabarovsk Lokomotiv"]
[BlackTeam "Novokuznetsk"]
[WhiteTeamCountry "RUS"]
[BlackTeamCountry "RUS"]

1. c4 c6 2. e4 d5 3. exd5 cxd5 4. d4 Nf6 5. Nc3 g6 6. Nf3 Bg7 7. Be2 0-0 8. 0-0 Nc6 9. h3 Be6 10. c5 Ne4 11. Be3 Nxc5 12. dxc5 d4 13. Nxd4 Nxd4 14. Bf3 Nxf3+ 15. Qxf3 Qc7 16. Rac1 Rfd8 17. Rfd1 Qc6 18. Qe2 a6 19. b3 Be5 20. Na4 Qc7 21. Bh6 Bd4 22. Rc2 Qe5 23. Qxe5 Bxe5 24. Rcd2 Bc7 25. Kf1 f6 26. Be3 Kf7 27. Ke2 Rxd2+ 28. Rxd2 g5 29. f3 h5 30. Rd4 Rg8 31. Rb4 Bd5 32. Nc3 Bc6 33. Rc4 g4 34. hxg4 hxg4 35. fxg4 Bxg2 36. b4 Be5 37. Ne4 Ke6 38. Nf2 Bd5 39. Rc1 Bxa2 40. c6 b5 41. c7 Bc4+ 42. Kd2 Bxc7 43. Ra1 Ra8 44. Ne4 Be5 45. Ra5 Kf7 46. Nc5 Rh8 47. Rxa6 Rh2+ 48. Kd1 Be2+ 49. Kc1 Bxg4 50. Rb6 Bb2+ 0-1

[Event "RUS-chT 05th"]
[Site "Maikop"]
[Date "1998.06.08"]
[Round "6"]
[White "Arkhipov, Sergey G"]
[Black "Vlassov, Nikolai"]
[Result "1/2-1/2"]
[WhiteElo "2355"]
[BlackElo "2440"]
[PlyCount "109"]
[EventDate "1998.06.03"]
[EventType "team-tourn"]
[EventRounds "11"]
[EventCountry "RUS"]
[SourceTitle "EXT 2020"]
[Source "ChessBase"]
[SourceDate "2019.10.17"]
[SourceVersion "1"]
[SourceVersionDate "2019.10.17"]
[SourceQuality "1"]
[WhiteTeam "Novokuznetsk"]
[BlackTeam "Moscow Apiko Yakimanka"]
[WhiteTeamCountry "RUS"]
[BlackTeamCountry "RUS"]

1. d4 Nf6 2. c4 Nc6 3. Nf3 e6 4. a3 g6 5. Nc3 Bg7 6. e4 d5 7. e5 Ne4 8. Bd3 Nxc3 9. bxc3 dxc4 10. Bxc4 Na5 11. Bd3 c5 12. h4 Qc7 13. Be3 Bd7 14. h5 Bc6 15. 0-0 0-0-0 16. Qe2 gxh5 17. Rab1 f6 18. Bf4 Bxf3 19. Qxf3 fxe5 20. Bh2 Rhf8 21. Qxh5 Qf7 22. Qe2 exd4 23. Rb5 Nc6 24. Be4 d3 25. Qe3 e5 26. Bxd3 Bh6 27. Qe2 Bf4 28. Bxf4 exf4 29. Be4 Rd6 30. Rxc5 Qc7 31. Qg4+ Kb8 32. Rb1 a6 33. Rh5 h6 34. Rf5 Rdf6 35. Rd5 Rd8 36. c4 Ka7 37. Kh2 Rxd5 38. cxd5 Ne5 39. Qd1 Qd6 40. Qd4+ b6 41. a4 f3 42. g3 a5 43. Kg1 h5 44. Rxb6 Qxb6 45. Qxe5 h4 46. Qe7+ Kb8 47. Qe8+ Kc7 48. Qe7+ Kc8 49. g4 Qb4 50. Bf5+ Rxf5 51. Qe6+ Kd8 52. gxf5 Qg4+ 53. Kf1 Qxa4 54. Qd6+ Qd7 55. Qf8+ 1/2-1/2

[Event "RUS-chT 05th"]
[Site "Maikop"]
[Date "1998.06.04"]
[Round "2"]
[White "Arkhipov, Sergey G"]
[Black "Drozdov, Igor"]
[Result "0-1"]
[WhiteElo "2355"]
[BlackElo "2440"]
[PlyCount "97"]
[EventDate "1998.06.03"]
[EventType "team-tourn"]
[EventRounds "11"]
[EventCountry "RUS"]
[SourceTitle "EXT 2020"]
[Source "ChessBase"]
[SourceDate "2019.10.17"]
[SourceVersion "1"]
[SourceVersionDate "2019.10.17"]
[SourceQuality "1"]
[WhiteTeam "Novokuznetsk"]
[BlackTeam "Noyabrsk Yamal"]
[WhiteTeamCountry "RUS"]
[BlackTeamCountry "RUS"]

1. d4 Nf6 2. c4 g6 3. Nc3 Bg7 4. e4 d6 5. Nf3 0-0 6. Be2 e5 7. 0-0 Na6 8. Rb1 c6 9. b4 exd4 10. Nxd4 Nxb4 11. Rxb4 c5 12. Rb3 cxd4 13. Qxd4 Re8 14. Qd3 Be6 15. Be3 Rc8 16. Nd5 Bxd5 17. cxd5 b6 18. Rb4 Qe7 19. f3 Nd7 20. Qb1 Nc5 21. Bf2 Qg5 22. Bb5 Rf8 23. a4 Be5 24. g3 h5 25. h4 Qe7 26. Kg2 f5 27. exf5 gxf5 28. Rc4 Qf7 29. Qd1 a6 30. Rxc5 bxc5 31. Bxa6 Ra8 32. Bb5 f4 33. Qd3 Kh8 34. Re1 Qg7 35. Qe4 Bd4 36. Qe7 Bxf2 37. Qxg7+ Kxg7 38. Kxf2 fxg3+ 39. Kxg3 Rf5 40. Re7+ Rf7 41. Re4 Raa7 42. Re8 Rae7 43. Rd8 Re3 44. Rxd6 Rexf3+ 45. Kg2 Rf2+ 46. Kg1 Rd2 47. Rd8 c4 48. Rc8 Rxd5 49. Rxc4 0-1